Los Refugiados Centroamericanos /
Gardado en:
| Autores Corporativos: | , |
|---|---|
| Formato: | Texto |
| Publicado: |
Heredia:
UNA
|
| Etiquetas: |
Engadir etiqueta
Sen Etiquetas, Sexa o primeiro en etiquetar este rexistro!
|
MARC
| LEADER | 00000 a a2200000 04500 | ||
|---|---|---|---|
| 001 | 25786 | ||
| 003 | |||
| 040 | |||
| 090 | |a 174100 | ||
| 110 | |a Universidad para la paz | ||
| 245 | |a Los Refugiados Centroamericanos / |c Universidad para la paz | ||
| 260 | |a Heredia: |b UNA | ||
| 300 | |a 259 p |b il. |b map. | ||
| 710 | |a Universidad Nacional |a Naciones Unidas | ||
| 999 | |c 11695 |d 11695 | ||
